Операция перемещения в структурном портрете геохода; Инновационные технологии и экономика в машиностроении

Библиографические подробности
Источник:Инновационные технологии и экономика в машиностроении.— 2010.— С. 522-524
Главный автор: Резанова Е. В.
Другие авторы: Сапожкова А. В. Алёна Викторовна, Тимофеев В. Ю. Вадим Юрьевич
Язык:русский
Опубликовано: 2010
Предметы:
Формат: MixedMaterials Статья
Запись в KOHA:https://koha.lib.tpu.ru/cgi-bin/koha/opac-detail.pl?biblionumber=189890

MARC

LEADER 00000naa2a2200000 4500
001 189890
005 20231101224236.0
035 |a (RuTPU)RU\TPU\book\206623 
090 |a 189890 
100 |a 20110113d2010 k y0rusy50 ca 
101 0 |a rus 
102 |a RU 
200 1 |a Операция перемещения в структурном портрете геохода  |f Е. В. Резанова, А. В. Сапожкова, В. Ю. Тимофеев 
320 |a Библиогр.: 4 назв. 
463 0 |0 (RuTPU)RU\TPU\book\199146  |y 978-5-98298-642-9  |t Инновационные технологии и экономика в машиностроении  |o сборник трудов Международной научно-практической конференции с элементами научной школы для молодых ученых, 20-21 мая 2010 г. г. Юрга  |f Национальный исследовательский Томский политехнический университет (ТПУ), Юргинский технологический институт (ЮТИ); под ред. Д. А. Чинахова  |v С. 522-524  |d 2010  |p 577 с. 
610 1 |a геоходы 
610 1 |a перемещение 
610 1 |a символы 
610 1 |a труды учёных ТПУ 
700 1 |a Резанова  |b Е. В. 
701 1 |a Сапожкова  |b А. В.  |c специалист в области горно-шахтного оборудования  |c старший преподаватель Юргинского технологического института (филиала) Томского политехнического университета  |f 1985-  |g Алёна Викторовна  |2 stltpush  |3 (RuTPU)RU\TPU\pers\25154  |9 11239 
701 1 |a Тимофеев  |b В. Ю.  |c горный инженер  |c доцент Юргинского технологического института (филиала) Томского политехнического университета, кандидат технических наук  |f 1978-  |g Вадим Юрьевич  |2 stltpush  |3 (RuTPU)RU\TPU\pers\26168  |9 11977 
801 1 |a RU  |b 63413507  |c 20110113 
801 2 |a RU  |b 63413507  |c 20150907  |g RCR 
942 |c BK